[Event "19. Open Ciutat de Montcada 2011"]
[Site "Montcada i Reixac ESP"]
[Date "2011.06.28"]
[Round "4.9"]
[White "Cornette, Matthieu"]
[Black "Gomez Jurado, Luis Alberto"]
[Result "1-0"]
[WhiteElo "2562"]
[BlackElo "2338"]
[PlyCount "83"]
[EventDate "2011.06.25"]
[EventType "swiss"]
[EventRounds "9"]
[EventCountry "ESP"]
[Source "lmi"]
[SourceDate "2011.06.25"]

1. d4 d5 2. c4 c6 3. Nf3 Nf6 4. Nc3 e6 5. g3 g6 6. Bg2 Bg7 7. O-O O-O 8. Ne5
Nfd7 9. f4 f6 10. Nf3 dxc4 11. a4 a5 12. e4 Na6 13. Be3 Rb8 14. Qe2 b5 15. d5
b4 16. dxc6 bxc3 17. cxd7 Qxd7 18. bxc3 Qd3 19. Qxd3 cxd3 20. Rfd1 Rd8 21. Nd4
Bd7 22. Rxd3 Nc5 23. Rdd1 Nxa4 24. Nxe6 Nxc3 25. Nxd8 Nxd1 26. Rxd1 Rxd8 27.
Bf1 Kf8 28. Bb5 Bxb5 29. Rxd8+ Ke7 30. Rd5 Bc6 31. Rxa5 Bxe4 32. Ra7+ Kf8 33.
Bd4 h5 34. Kf2 Bf5 35. Kf3 Bh3 36. Bc3 Bf5 37. Ke3 Kg8 38. Kd4 Bg4 39. Kd5 Bh3
40. Rc7 Bg4 41. Ba1 Bh3 42. Kd6 1-0

[Event "19. Open Ciutat de Montcada 2011"]
[Site "Montcada i Reixac ESP"]
[Date "2011.06.28"]
[Round "4.10"]
[White "Almeida Quintana, Omar"]
[Black "Asensio Linan, Teodoro"]
[Result "1-0"]
[WhiteElo "2555"]
[BlackElo "2250"]
[PlyCount "89"]
[EventDate "2011.06.25"]
[EventType "swiss"]
[EventRounds "9"]
[EventCountry "ESP"]
[Source "lmi"]
[SourceDate "2011.06.25"]

1. d4 Nf6 2. c4 e6 3. Nc3 Bb4 4. Bg5 h6 5. Bh4 c5 6. d5 d6 7. e3 Qe7 8. Bd3 b5
9. dxe6 Bb7 10. exf7+ Qxf7 11. Bxf6 O-O 12. Nge2 Qxf6 13. O-O Nd7 14. Ne4 Qg6
15. N2g3 bxc4 16. Bxc4+ Kh8 17. Nxd6 Ne5 18. Nxb7 Nxc4 19. a3 Rab8 20. axb4
Rxb7 21. b3 Ne5 22. Qd5 Re7 23. bxc5 Qg5 24. f4 Nf3+ 25. Qxf3 Qxc5 26. Rfe1 Qb6
27. Kh1 Qxb3 28. f5 Qb2 29. e4 Rc8 30. Qa3 Qe5 31. Rac1 Rce8 32. Qc5 Qb2 33.
Re2 Qb3 34. f6 gxf6 35. Qh5 Qb6 36. Nf5 Qb5 37. Qxh6+ Rh7 38. Qxf6+ Kg8 39.
Qg6+ Kh8 40. Nd6 Qxe2 41. Qxe8+ Kg7 42. Qe7+ Kg6 43. Qe6+ Kg5 44. Qf5+ Kh6 45.
Qf6+ 1-0

[Event "19. Open Ciutat de Montcada 2011"]
[Site "Montcada i Reixac ESP"]
[Date "2011.06.29"]
[Round "5.1"]
[White "Narciso Dublan, Marc"]
[Black "Cruz, Cristhian"]
[Result "0-1"]
[WhiteElo "2532"]
[BlackElo "2477"]
[PlyCount "122"]
[EventDate "2011.06.25"]
[EventType "swiss"]
[EventRounds "9"]
[EventCountry "ESP"]
[Source "lmi"]
[SourceDate "2011.06.25"]

1. e4 e6 2. d4 d5 3. e5 c5 4. c3 Qb6 5. Nf3 Nc6 6. Be2 Nh6 7. b3 cxd4 8. cxd4
Nf5 9. Bb2 Bb4+ 10. Kf1 Be7 11. Nc3 O-O 12. h4 Qd8 13. g3 f6 14. Kg2 b6 15. Bb5
Bb7 16. Ne2 Nxe5 17. dxe5 d4 18. Nf4 fxe5 19. Nxe6 Qd6 20. Nxf8 Rxf8 21. Be2
Rd8 22. Bc4+ Kh8 23. Rh3 Qf6 24. Kg1 Ne3 25. fxe3 dxe3 26. Qxd8+ Bxd8 27. Rf1
Bxf3 28. g4 Qg6 29. Rfxf3 Be7 30. Bc1 h5 31. g5 e2 32. Bxe2 Qc2 33. Bd3 Qxc1+
34. Rf1 Qc5+ 35. Kh1 Qd4 36. Re1 Qg4 37. Bf1 Bc5 38. Bg2 Bf2 39. Rf1 Bxh4 40.
g6 Bf6 41. Rg1 h4 42. Bf1 Qe4+ 43. Kh2 Qf4+ 44. Kh1 Kg8 45. Rc3 Kf8 46. Bh3 e4
47. Rc8+ Ke7 48. Rf1 Qg3 49. Bf5 e3 50. Rc2 Bc3 51. Rg2 Qe5 52. Bg4 Qe4 53. Bf3
Qe6 54. Be2 Be5 55. Rf7+ Kd6 56. Rf3 Bg3 57. Bd3 Qh3+ 58. Kg1 Bh2+ 59. Rxh2
Qxf3 60. Bf1 h3 61. Rxh3 Qf2+ 0-1

[Event "19. Open Ciutat de Montcada 2011"]
[Site "Montcada i Reixac ESP"]
[Date "2011.06.29"]
[Round "5.2"]
[White "Massoni, Michael"]
[Black "Del Rio De Angelis, Salvador G"]
[Result "0-1"]
[WhiteElo "2320"]
[BlackElo "2508"]
[PlyCount "152"]
[EventDate "2011.06.25"]
[EventType "swiss"]
[EventRounds "9"]
[EventCountry "ESP"]
[Source "lmi"]
[SourceDate "2011.06.25"]

1. e4 e6 2. Nf3 d5 3. Nc3 dxe4 4. Nxe4 Nd7 5. d4 Ngf6 6. Ng3 c5 7. dxc5 Bxc5 8.
Bd3 O-O 9. O-O b6 10. a3 Bb7 11. Bf4 Be7 12. Qe2 Nd5 13. Bd2 Nc5 14. Rad1 Nxd3
15. Qxd3 Nf6 16. Qe2 Qc8 17. c4 Qc6 18. Bc3 Rfd8 19. Nf5 exf5 20. Qxe7 Re8 21.
Qb4 Ne4 22. Ne5 Qh6 23. Rd7 Nc5 24. Rdd1 a5 25. Qb5 Ba6 26. Qc6 Qxc6 27. Nxc6
Bxc4 28. Rfe1 Ne4 29. Bd4 Re6 30. Ne5 Bb3 31. Rc1 Rae8 32. f3 Nc5 33. f4 f6 34.
Nf3 Rxe1+ 35. Rxe1 Re4 36. g3 Kf7 37. Rc1 Nd7 38. Kf2 Bd5 39. Be3 Rc4 40. Rxc4
Bxc4 41. b4 a4 42. Nd2 Bd5 43. Nb1 b5 44. Nc3 Bc6 45. Ne2 Ke6 46. Nd4+ Kd5 47.
Nxf5 Kc4 48. Ke2 g6 49. Nd4 Bg2 50. Kd2 Bf1 51. Bf2 f5 52. Ke1 Bd3 53. Kd2 Nf6
54. Be3 Ne4+ 55. Kc1 Kc3 56. Ne6 Bc4 57. Nd4 Kd3 58. Bg1 Nf6 59. Nf3 Ke2 60.
Ne5 Bd5 61. Bd4 Ne4 62. Kc2 Bb3+ 63. Kc1 Kf1 64. g4 Kg2 65. h4 Be6 66. gxf5
Bxf5 67. Nf7 h5 68. Bb6 Kg3 69. Bd8 Kxf4 70. Be7 Bd7 71. Nd6 Ng3 72. Kd2 Ke5
73. Ke3 Ke6 74. Bf8 Kd5 75. Be7 Nf5+ 76. Nxf5 Bxf5 0-1

[Event "19. Open Ciutat de Montcada 2011"]
[Site "Montcada i Reixac ESP"]
[Date "2011.06.29"]
[Round "5.6"]
[White "Camacho Collados, Jose"]
[Black "Almeida Quintana, Omar"]
[Result "1-0"]
[WhiteElo "2380"]
[BlackElo "2555"]
[PlyCount "75"]
[EventDate "2011.06.25"]
[EventType "swiss"]
[EventRounds "9"]
[EventCountry "ESP"]
[Source "lmi"]
[SourceDate "2011.06.25"]

1. Nf3 g6 2. d4 Bg7 3. e4 d6 4. c3 b6 5. Bd3 Bb7 6. Na3 Nd7 7. Bf4 e6 8. Nc4
Ngf6 9. e5 dxe5 10. Ncxe5 O-O 11. Qe2 Nh5 12. Bg5 Nxe5 13. Bxd8 Nf4 14. dxe5
Raxd8 15. Qc2 Nxd3+ 16. Kf1 Nf4 17. Qa4 Nd3 18. h4 Nxb2 19. Qxa7 Bxf3 20. gxf3
Rd2 21. Qxc7 b5 22. f4 Nd3 23. Qb6 Bh6 24. Rh3 Bxf4 25. Rf3 Bxe5 26. Qxb5 Bxc3
27. Rb1 Rd8 28. Qb6 Rf8 29. a4 e5 30. Qe3 Rd8 31. Qg5 Rf8 32. Qe3 Rd8 33. Kg1
h5 34. Rb7 Rd1+ 35. Kg2 Rd4 36. Qg5 Rf4 37. Rb8+ Kg7 38. Qd8 1-0

[Event "19. Open Ciutat de Montcada 2011"]
[Site "Montcada i Reixac ESP"]
[Date "2011.06.29"]
[Round "5.7"]
[White "Bacallao Alonso, Yusnel"]
[Black "Fernandez Aguado, Enrique"]
[Result "1-0"]
[WhiteElo "2530"]
[BlackElo "2357"]
[PlyCount "101"]
[EventDate "2011.06.25"]
[EventType "swiss"]
[EventRounds "9"]
[EventCountry "ESP"]
[Source "lmi"]
[SourceDate "2011.06.25"]

1. d4 Nf6 2. c4 e6 3. Nf3 b6 4. g3 Ba6 5. Qc2 d5 6. Ne5 dxc4 7. Bg2 Qxd4 8.
Bxa8 Qxe5 9. O-O Bc5 10. Bf3 Nd5 11. Nd2 Nb4 12. Qa4+ b5 13. Qa5 O-O 14. Ne4
N4c6 15. Qc3 Bd4 16. Qc2 Qf5 17. Be3 Bb7 18. Rad1 Bxe3 19. fxe3 Nb4 20. Qd2
Bxe4 21. Qxb4 Nc6 22. Qc3 Bxf3 23. exf3 Qc5 24. b3 Qa3 25. Rf2 Nb4 26. Qd4 cxb3
27. axb3 a5 28. Qb2 Qxb2 29. Rxb2 c5 30. Rd7 Nd5 31. e4 Nc3 32. Rc7 b4 33. Rd2
a4 34. bxa4 Nxa4 35. Ra2 Nc3 36. Ra6 g5 37. Rb6 e5 38. Rbb7 g4 39. Rxc5 Ne2+
40. Kf2 Nd4 41. fxg4 Ra8 42. Rxe5 Ra2+ 43. Ke3 Nc2+ 44. Kf4 Ne1 45. Rg5+ Kf8
46. Rf5 Rxh2 47. Rfxf7+ Ke8 48. Rg7 Kf8 49. Rgc7 Rf2+ 50. Ke3 Rc2 51. Rb8# 1-0

[Event "19. Open Ciutat de Montcada 2011"]
[Site "Montcada i Reixac ESP"]
[Date "2011.06.29"]
[Round "5.8"]
[White "Deshpande, Aniruddha"]
[Black "Munoz Pantoja, Miguel"]
[Result "0-1"]
[WhiteElo "2209"]
[BlackElo "2498"]
[PlyCount "72"]
[EventDate "2011.06.25"]
[EventType "swiss"]
[EventRounds "9"]
[EventCountry "ESP"]
[Source "lmi"]
[SourceDate "2011.06.25"]

1. d4 c5 2. d5 Nf6 3. Nf3 d6 4. h3 b5 5. e4 a6 6. Nbd2 e6 7. dxe6 fxe6 8. a4 b4
9. Bd3 Be7 10. e5 dxe5 11. O-O O-O 12. Ng5 h6 13. Nge4 Nd5 14. Nc4 Nc6 15. g3
Nd4 16. Qg4 Nf5 17. Nxe5 Bf6 18. Ng6 Rf7 19. Nxf6+ Nxf6 20. Qc4 Nd4 21. Ne5 Qc7
22. f4 Bb7 23. Bg6 Rff8 24. Be3 Bd5 25. Qd3 Nc6 26. Nf3 c4 27. Qe2 Ne7 28. Ne5
Nf5 29. Kh2 Ne4 30. Bf2 c3 31. b3 Nd2 32. Rfe1 Rad8 33. Be3 Be4 34. Rac1 Rd5
35. Red1 Rxe5 36. fxe5 Nf3+ 0-1

[Event "19. Open Ciutat de Montcada 2011"]
[Site "Montcada i Reixac ESP"]
[Date "2011.06.29"]
[Round "5.9"]
[White "Cuartas, Jaime Alexander"]
[Black "Cruz, Jonathan"]
[Result "1/2-1/2"]
[WhiteElo "2542"]
[BlackElo "2393"]
[PlyCount "110"]
[EventDate "2011.06.25"]
[EventType "swiss"]
[EventRounds "9"]
[EventCountry "ESP"]
[Source "lmi"]
[SourceDate "2011.06.25"]

1. e4 d6 2. d4 g6 3. Nf3 Bg7 4. Bc4 Nf6 5. Qe2 O-O 6. e5 dxe5 7. dxe5 Nd5 8. h3
c6 9. O-O Qc7 10. Re1 Be6 11. Nd4 Nd7 12. Nxe6 fxe6 13. Nd2 b5 14. Bb3 Rf5 15.
Ne4 Raf8 16. Be3 Bxe5 17. c4 bxc4 18. Bxc4 Bf4 19. Bd4 e5 20. Bc5 Nxc5 21. Nxc5
Qd6 22. b4 Kh8 23. a3 Nc3 24. Qd3 Bd2 25. Rf1 Rd8 26. Qc2 Qd4 27. Bd3 e4 28.
Qxd2 Rxc5 29. bxc5 exd3 30. Rae1 Ne4 31. Qf4 Nxc5 32. Qxd4+ Rxd4 33. Rxe7 d2
34. Rd1 Ne4 35. Rxe4 Rxe4 36. Rxd2 Re1+ 37. Kh2 Re7 38. Rd8+ Kg7 39. Rc8 Re6
40. Rc7+ Kf6 41. Rxh7 Ke5 42. Rxa7 c5 43. Rc7 Kd4 44. g4 c4 45. Kg3 c3 46. f4
Ra6 47. Kh4 Ra5 48. f5 gxf5 49. g5 Rc5 50. Rxc5 Kxc5 51. g6 c2 52. g7 c1=Q 53.
g8=Q Qf4+ 54. Kh5 Qf3+ 55. Kh4 Qf4+ 1/2-1/2

[Event "19. Open Ciutat de Montcada 2011"]
[Site "Montcada i Reixac ESP"]
[Date "2011.06.29"]
[Round "5.10"]
[White "Gonzalez Vidal, Yuri"]
[Black "Panelo, Marcelo"]
[Result "1-0"]
[WhiteElo "2504"]
[BlackElo "2413"]
[PlyCount "97"]
[EventDate "2011.06.25"]
[EventType "swiss"]
[EventRounds "9"]
[EventCountry "ESP"]
[Source "lmi"]
[SourceDate "2011.06.25"]

1. e4 c5 2. Nf3 d6 3. d4 cxd4 4. Nxd4 Nf6 5. Nc3 a6 6. h3 e6 7. g4 d5 8. exd5
Nxd5 9. Nde2 Bb4 10. Bg2 O-O 11. O-O Nxc3 12. Nxc3 Qc7 13. Qf3 Nd7 14. Bf4 Bd6
15. Bxd6 Qxd6 16. Ne4 Qc7 17. Qa3 Ra7 18. Nd6 b5 19. c4 bxc4 20. Rac1 Nb6 21.
Rfd1 Bd7 22. b3 c3 23. Rd3 Nd5 24. Bxd5 exd5 25. Rcxc3 Qd8 26. Qc5 Qb8 27. Rxd5
Be6 28. Rdd3 Rd7 29. Nc8 Rxd3 30. Ne7+ Kh8 31. Rxd3 Re8 32. Nc6 Qa8 33. f3 h6
34. Kg2 Rc8 35. Rd6 Bd7 36. Rxd7 Rxc6 37. Qf5 Qe8 38. Qd3 Rc8 39. h4 Kg8 40. h5
a5 41. Qd2 Kh7 42. Kf2 Kg8 43. Rd5 Qe7 44. Rxa5 Rd8 45. Rd5 Qa7+ 46. Kg2 Rxd5
47. Qxd5 Qxa2+ 48. Kg3 Qb1 49. Qa8+ 1-0

[Event "19. Open Ciutat de Montcada 2011"]
[Site "Montcada i Reixac ESP"]
[Date "2011.06.30"]
[Round "6.1"]
[White "Del Rio De Angelis, Salvador G"]
[Black "Cruz, Cristhian"]
[Result "1/2-1/2"]
[WhiteElo "2508"]
[BlackElo "2477"]
[PlyCount "161"]
[EventDate "2011.06.25"]
[EventType "swiss"]
[EventRounds "9"]
[EventCountry "ESP"]
[Source "lmi"]
[SourceDate "2011.06.25"]

1. d4 Nf6 2. c4 e6 3. Nc3 Bb4 4. e3 c5 5. Nf3 Nc6 6. Bd2 cxd4 7. exd4 d5 8. c5
O-O 9. Bb5 Ne4 10. O-O Bxc3 11. Bxc3 Nxc3 12. bxc3 Ne7 13. Qa4 b6 14. cxb6 Qxb6
15. Rab1 a6 16. Be2 Qc7 17. Rb3 Bd7 18. Qa3 Nf5 19. Ne5 Bb5 20. Qb2 Nd6 21. Nd3
Bc4 22. Rb4 a5 23. Rb6 Ba6 24. Ne5 Bxe2 25. Rc6 Nc4 26. Qxe2 Qb7 27. Rc5 Nxe5
28. Qxe5 Rfc8 29. f4 Rxc5 30. dxc5 Qb5 31. f5 Qxc5+ 32. Kh1 exf5 33. Qxf5 Rf8
34. h3 Qc4 35. a4 g6 36. Qf3 Qe4 37. Rd1 Qxf3 38. gxf3 Rd8 39. c4 Kg7 40. cxd5
Kf6 41. Kg2 Ke5 42. Re1+ Kf5 43. Rd1 Ke5 44. Re1+ Kf5 45. Rd1 Rd6 46. Kg3 g5
47. Rd4 h5 48. f4 f6 49. Kf3 gxf4 50. Rxf4+ Ke5 51. Rh4 f5 52. Rxh5 Rxd5 53.
Rh4 Rc5 54. Ke3 Rc3+ 55. Kf2 Rc2+ 56. Kf3 Rb2 57. Rc4 Rb3+ 58. Kg2 f4 59. Rc8
Rb2+ 60. Kf3 Rb3+ 61. Kg2 Rg3+ 62. Kf2 Rxh3 63. Re8+ Kd4 64. Rf8 Rh2+ 65. Kf3
Rh3+ 66. Kf2 Rh2+ 67. Kf3 Rh3+ 68. Kf2 Ke4 69. Re8+ Kd3 70. Rf8 Rh4 71. Kf3 Kc3
72. Rxf4 Rxf4+ 73. Kxf4 Kb4 74. Ke3 Kxa4 75. Kd2 Kb3 76. Kc1 Ka2 77. Kc2 a4 78.
Kc1 a3 79. Kc2 Ka1 80. Kc1 a2 81. Kc2 1/2-1/2

[Event "19. Open Ciutat de Montcada 2011"]
[Site "Montcada i Reixac ESP"]
[Date "2011.06.30"]
[Round "6.2"]
[White "Gonzalez Perez, Arian"]
[Black "Peralta, Fernando"]
[Result "0-1"]
[WhiteElo "2476"]
[BlackElo "2608"]
[PlyCount "106"]
[EventDate "2011.06.25"]
[EventType "swiss"]
[EventRounds "9"]
[EventCountry "ESP"]
[Source "lmi"]
[SourceDate "2011.06.25"]

1. d4 d5 2. c4 e6 3. Nf3 Nf6 4. cxd5 exd5 5. Nc3 Bb4 6. Qb3 c5 7. Bg5 Nc6 8.
O-O-O c4 9. Qc2 Bxc3 10. Qxc3 O-O 11. Ne5 Qd6 12. Bxf6 Qxf6 13. e4 Be6 14. Nxc6
bxc6 15. Rd2 Qg6 16. f3 a5 17. Be2 Qxg2 18. Re1 Qg5 19. Bd1 Rfd8 20. Kb1 c5 21.
e5 Bf5+ 22. Bc2 Bxc2+ 23. Qxc2 Qf4 24. Qc3 cxd4 25. Rxd4 Qxh2 26. Rg4 g6 27. e6
fxe6 28. Qf6 Qc7 29. Rh1 Qf7 30. Qd4 Qf5+ 31. Ka1 e5 32. Qe3 d4 33. Qh6 Rd7 34.
Rg5 Qf6 35. Rhg1 Rg7 36. Qh2 Re8 37. Qc2 Qc6 38. Re1 Rge7 39. Reg1 Rg7 40. Re1
Rge7 41. Reg1 Re6 42. Rh1 c3 43. Qh2 cxb2+ 44. Kb1 R8e7 45. Rg2 Qxf3 46. Rxb2
Rf6 47. Rb3 Qf5+ 48. Ka1 a4 49. Rh3 Rb7 50. Qg2 e4 51. Rh4 Qc5 52. R4h3 d3 53.
Rxd3 Qe5+ 0-1

[Event "19. Open Ciutat de Montcada 2011"]
[Site "Montcada i Reixac ESP"]
[Date "2011.06.30"]
[Round "6.5"]
[White "Gonzalez Vidal, Yuri"]
[Black "Narciso Dublan, Marc"]
[Result "1-0"]
[WhiteElo "2504"]
[BlackElo "2532"]
[PlyCount "97"]
[EventDate "2011.06.25"]
[EventType "swiss"]
[EventRounds "9"]
[EventCountry "ESP"]
[Source "lmi"]
[SourceDate "2011.06.25"]

1. e4 Nf6 2. e5 Nd5 3. d4 d6 4. Nf3 Nc6 5. c4 Nb6 6. e6 fxe6 7. Nc3 g6 8. h4
Bg7 9. Be3 O-O 10. h5 e5 11. d5 Nd4 12. Nxd4 exd4 13. Bxd4 Bxd4 14. Qxd4 e5 15.
dxe6 Qf6 16. O-O-O Bxe6 17. hxg6 hxg6 18. f3 Rae8 19. Qxf6 Rxf6 20. Rd4 Kg7 21.
Rdh4 Bg8 22. Bd3 Re5 23. Kd2 d5 24. f4 Rh5 25. Rxh5 gxh5 26. Rxh5 Nxc4+ 27.
Bxc4 dxc4 28. Rg5+ Kf8 29. Ke3 Rd6 30. Rf5+ Kg7 31. Rg5+ Kf8 32. Rf5+ Kg7 33.
Re5 Kf8 34. f5 a6 35. g4 Rb6 36. Na4 Rb4 37. Nc5 c3 38. Nd7+ Kg7 39. Re7+ Kh8
40. bxc3 Rxg4 41. Ne5 Rg7 42. f6 Rg2 43. c4 b5 44. Kf3 Rg1 45. Kf2 Rg5 46. f7
Rf5+ 47. Kg3 Kg7 48. f8=Q+ Kxf8 49. Ng6# 1-0

[Event "19. Open Ciutat de Montcada 2011"]
[Site "Montcada i Reixac ESP"]
[Date "2011.06.30"]
[Round "6.6"]
[White "Delgado Ramos, Hector"]
[Black "Massoni, Michael"]
[Result "1-0"]
[WhiteElo "2480"]
[BlackElo "2320"]
[PlyCount "47"]
[EventDate "2011.06.25"]
[EventType "swiss"]
[EventRounds "9"]
[EventCountry "ESP"]
[Source "lmi"]
[SourceDate "2011.06.25"]

1. d4 Nf6 2. c4 g6 3. Nc3 d5 4. Bg5 Ne4 5. Bh4 Nxc3 6. bxc3 Bg7 7. e3 c5 8.
cxd5 Qxd5 9. Nf3 Nc6 10. Be2 cxd4 11. cxd4 O-O 12. O-O Bf5 13. Qb3 Be4 14. Rac1
Qxb3 15. axb3 e5 16. Nd2 Bd5 17. Rc5 Nb4 18. e4 Bh6 19. exd5 Bxd2 20. dxe5 b6
21. Rc4 Rfe8 22. Rd1 b5 23. Rc5 Bf4 24. d6 1-0

[Event "19. Open Ciutat de Montcada 2011"]
[Site "Montcada i Reixac ESP"]
[Date "2011.06.30"]
[Round "6.7"]
[White "Lorenzo De La Riva, Lazaro"]
[Black "Hernandez Carmenates, Holden"]
[Result "1/2-1/2"]
[WhiteElo "2378"]
[BlackElo "2558"]
[PlyCount "64"]
[EventDate "2011.06.25"]
[EventType "swiss"]
[EventRounds "9"]
[EventCountry "ESP"]
[Source "lmi"]
[SourceDate "2011.06.25"]

1. e4 c5 2. Nf3 d6 3. d4 cxd4 4. Nxd4 Nf6 5. Nc3 a6 6. Bc4 e6 7. O-O Be7 8. Bb3
b5 9. f4 b4 10. Na4 O-O 11. e5 dxe5 12. fxe5 Nfd7 13. Rxf7 Rxf7 14. Nxe6 Qa5
15. Ng5 Bxg5 16. Bxf7+ Kxf7 17. Bxg5 Bb7 18. e6+ Kxe6 19. Qg4+ Kf7 20. Rf1+ Nf6
21. Rxf6+ gxf6 22. Qh5+ Ke6 23. Qh6 Kf7 24. Qxh7+ Ke6 25. Qh6 Kf7 26. Qh7+ Ke6
27. Qxb7 Qxg5 28. Qxa8 Qc1+ 29. Kf2 Qxc2+ 30. Kg3 Qg6+ 31. Kf2 Qc2+ 32. Kg3
Qg6+ 1/2-1/2

[Event "19. Open Ciutat de Montcada 2011"]
[Site "Montcada i Reixac ESP"]
[Date "2011.06.30"]
[Round "6.8"]
[White "Almeida Quintana, Omar"]
[Black "Gomez Jurado, Luis Alberto"]
[Result "0-1"]
[WhiteElo "2555"]
[BlackElo "2338"]
[PlyCount "82"]
[EventDate "2011.06.25"]
[EventType "swiss"]
[EventRounds "9"]
[EventCountry "ESP"]
[Source "lmi"]
[SourceDate "2011.06.25"]

1. d4 d5 2. Nf3 Nf6 3. c4 c6 4. Nc3 e6 5. Bg5 h6 6. Bxf6 Qxf6 7. e3 g6 8. Qc2
Nd7 9. O-O-O Bg7 10. h4 O-O 11. Kb1 dxc4 12. Bxc4 e5 13. Ne4 Qe7 14. Ng3 Nb6
15. Bb3 Be6 16. h5 Bxb3 17. Qxb3 exd4 18. Nxd4 Kh7 19. Qc2 Rad8 20. Nge2 Nd5
21. a3 c5 22. Nf3 Rd6 23. Nd2 Rfd8 24. Nc4 Rf6 25. f3 b5 26. e4 bxc4 27. Rxd5
Rb8 28. hxg6+ fxg6 29. Qxc4 Rfb6 30. b4 cxb4 31. a4 b3 32. e5 Rb4 33. Qd3 Rxa4
34. Rd6 Qxe5 35. Nc3 Kg8 36. Rxg6 Rd4 37. Qa6 Qf5+ 38. Ka1 Ra4+ 39. Qxa4 Qxg6
40. Qc4+ Kh7 41. Qc7 b2+ 0-1

[Event "19. Open Ciutat de Montcada 2011"]
[Site "Montcada i Reixac ESP"]
[Date "2011.06.30"]
[Round "6.9"]
[White "Fernandez Aguado, Enrique"]
[Black "Cuartas, Jaime Alexander"]
[Result "1/2-1/2"]
[WhiteElo "2357"]
[BlackElo "2542"]
[PlyCount "147"]
[EventDate "2011.06.25"]
[EventType "swiss"]
[EventRounds "9"]
[EventCountry "ESP"]
[Source "lmi"]
[SourceDate "2011.06.25"]

1. e4 c5 2. Nf3 e6 3. d4 cxd4 4. Nxd4 Nc6 5. Nb5 d6 6. c4 Nf6 7. N1c3 a6 8. Na3
Be7 9. Be2 O-O 10. O-O b6 11. Be3 Qc7 12. Rc1 Nb8 13. Qd2 Bb7 14. f3 Nbd7 15.
Rfd1 Rfe8 16. Bf1 Rac8 17. Kh1 Qb8 18. Nc2 Kh8 19. Bf2 Rg8 20. Ne3 Ne5 21. Qd4
Bc6 22. b4 b5 23. cxb5 axb5 24. a4 bxa4 25. b5 Bb7 26. Qxa4 Nfd7 27. f4 Nc5 28.
Qb4 Ng6 29. Bg3 Rgd8 30. f5 Ne5 31. Na4 Nxe4 32. Bxe5 Nf2+ 33. Kg1 Nxd1 34.
Rxd1 Bg5 35. Bf4 Bxf4 36. Qxf4 e5 37. Qb4 d5 38. f6 g6 39. Qh4 Rd6 40. Qb4 Rxf6
41. Qe7 Kg7 42. Nc5 Qa7 43. Rc1 Qb6 44. Kh1 Rc7 45. Qxc7 Qxc7 46. Ne6+ fxe6 47.
Rxc7+ Rf7 48. b6 Rxc7 49. bxc7 Kf7 50. Kg1 Ke7 51. Kf2 Kd6 52. Ng4 h5 53. Ne3
Kxc7 54. Bd3 e4 55. Bb5 g5 56. Be8 h4 57. g3 d4 58. Ng2 h3 59. Ne3 Kd6 60. Bh5
dxe3+ 61. Kxe3 Ba6 62. Bg4 Bf1 63. Kxe4 Bg2+ 64. Ke3 Kd5 65. Bd1 Ke5 66. Bg4
Kd5 67. Bd1 e5 68. Bg4 Kc4 69. Be6+ Kc3 70. Bf5 Kc4 71. Be6+ Kc5 72. Bf5 Kd5
73. Bg4 e4 74. Bc8 1/2-1/2

[Event "19. Open Ciutat de Montcada 2011"]
[Site "Montcada i Reixac ESP"]
[Date "2011.07.01"]
[Round "7.3"]
[White "Bacallao Alonso, Yusnel"]
[Black "Delgado Ramos, Hector"]
[Result "1/2-1/2"]
[WhiteElo "2530"]
[BlackElo "2480"]
[PlyCount "31"]
[EventDate "2011.06.25"]
[EventType "swiss"]
[EventRounds "9"]
[EventCountry "ESP"]
[Source "lmi"]
[SourceDate "2011.06.25"]

1. d4 d5 2. c4 dxc4 3. e3 Nf6 4. Bxc4 e6 5. Nf3 a6 6. O-O c5 7. dxc5 Qxd1 8.
Rxd1 Bxc5 9. b3 b5 10. Be2 Nbd7 11. Bb2 Bb7 12. a4 b4 13. Nbd2 Ke7 14. Nc4 a5
15. Nd4 Nb6 16. Ne5 1/2-1/2

[Event "19. Open Ciutat de Montcada 2011"]
[Site "Montcada i Reixac ESP"]
[Date "2011.07.01"]
[Round "7.5"]
[White "Libiszewski, Fabien"]
[Black "Pogorelov, Ruslan"]
[Result "1-0"]
[WhiteElo "2480"]
[BlackElo "2436"]
[PlyCount "117"]
[EventDate "2011.06.25"]
[EventType "swiss"]
[EventRounds "9"]
[EventCountry "ESP"]
[Source "lmi"]
[SourceDate "2011.06.25"]

1. e4 c5 2. Nf3 e6 3. d4 cxd4 4. Nxd4 a6 5. Be2 Nf6 6. Nc3 Qc7 7. O-O Be7 8. f4
d6 9. Kh1 O-O 10. Qd3 b5 11. e5 dxe5 12. fxe5 Nfd7 13. Qh3 Qxe5 14. Bf3 Ra7 15.
Be4 f5 16. Nxe6 fxe4 17. Nxf8 Bxf8 18. Bf4 Qe8 19. Qe3 Bc5 20. Qxe4 Qxe4 21.
Nxe4 Be7 22. Nd6 Bb7 23. Be3 Bxd6 24. Bxa7 h6 25. Rae1 Nc6 26. Re8+ Kh7 27. Rf7
Nxa7 28. Rxd7 Bc6 29. Rxd6 Bxe8 30. Rxa6 Nc6 31. c3 Kg8 32. Rb6 Ne7 33. Kg1 Kf7
34. Kf2 Bc6 35. b3 Ke6 36. a4 bxa4 37. bxa4 Kd6 38. a5 Nd5 39. Rb3 Kc5 40. Rb8
Nxc3 41. a6 Nb5 42. Rb7 g5 43. g4 Kb4 44. Rh7 Ka5 45. Rxh6 Na7 46. Rg6 Kxa6 47.
Rxg5 Kb6 48. h4 Nc8 49. h5 Nd6 50. Ke3 Be4 51. Rg7 Kc5 52. h6 Kd5 53. h7 Bxh7
54. Rxh7 Ke5 55. Rh5+ Kf6 56. Rh6+ Ke5 57. Rxd6 Kxd6 58. Kf4 Ke6 59. Kg5 1-0

[Event "19. Open Ciutat de Montcada 2011"]
[Site "Montcada i Reixac ESP"]
[Date "2011.07.01"]
[Round "7.6"]
[White "Camacho Collados, Jose"]
[Black "Gonzalez Perez, Arian"]
[Result "1/2-1/2"]
[WhiteElo "2380"]
[BlackElo "2476"]
[PlyCount "119"]
[EventDate "2011.06.25"]
[EventType "swiss"]
[EventRounds "9"]
[EventCountry "ESP"]
[Source "lmi"]
[SourceDate "2011.06.25"]

1. Nf3 Nf6 2. g3 g6 3. Bg2 Bg7 4. O-O O-O 5. d4 d6 6. a4 a5 7. Re1 Nbd7 8. e4
e5 9. Nc3 c6 10. h3 Re8 11. dxe5 dxe5 12. Be3 Qc7 13. Nd2 Nb6 14. Qe2 Be6 15.
b3 Bf8 16. Nd1 Nfd7 17. Nb2 Bc5 18. Kh2 Bxe3 19. Qxe3 Red8 20. Rad1 Nf8 21. Bf1
Nbd7 22. Ndc4 Kg7 23. Rd2 b6 24. Red1 Re8 25. Rd6 Bxc4 26. Nxc4 Nc5 27. Qf3 Re6
28. h4 Rxd6 29. Rxd6 Nfd7 30. Bh3 b5 31. Bxd7 Nxd7 32. Rxd7 Qxd7 33. Nb6 Qd8
34. Nxa8 Qxa8 35. Qc3 f6 36. Qc5 Qb7 37. g4 h6 38. g5 hxg5 39. hxg5 Qd7 40.
gxf6+ Kxf6 41. axb5 cxb5 42. Qb6+ Kg5 43. Qxa5 Qd4 44. Qe1 Kf4 45. c4 bxc4 46.
bxc4 Qxe4 47. Qe3+ Kf5 48. Qh3+ Kf6 49. c5 Qc6 50. Qe3 Ke6 51. Qb3+ Ke7 52. Qc3
Ke6 53. Qb3+ Ke7 54. Qc4 Qf3 55. Kg1 e4 56. Qd5 Qg4+ 57. Kf1 Qh3+ 58. Kg1 Qg4+
59. Kf1 Qh3+ 60. Kg1 1/2-1/2

[Event "19. Open Ciutat de Montcada 2011"]
[Site "Montcada i Reixac ESP"]
[Date "2011.07.01"]
[Round "7.7"]
[White "Stopa, Jacek"]
[Black "Cruz, Jonathan"]
[Result "1/2-1/2"]
[WhiteElo "2460"]
[BlackElo "2393"]
[PlyCount "53"]
[EventDate "2011.06.25"]
[EventType "swiss"]
[EventRounds "9"]
[EventCountry "ESP"]
[Source "lmi"]
[SourceDate "2011.06.25"]

1. e4 d6 2. d4 Nf6 3. Nc3 g6 4. f4 Bg7 5. Nf3 O-O 6. e5 Nfd7 7. h4 c5 8. h5
cxd4 9. hxg6 hxg6 10. Qxd4 Nc6 11. Qf2 e6 12. exd6 Nf6 13. Bd2 Qxd6 14. O-O-O
Qe7 15. Qh4 Rd8 16. Bb5 Nd4 17. Nxd4 Rxd4 18. Be3 Rxd1+ 19. Rxd1 b6 20. Bc6 Bb7
21. Bxb7 Qxb7 22. Bd4 Ne4 23. Bxg7 Kxg7 24. Rh1 Rc8 25. g4 Nxc3 26. bxc3 Qf3
27. Qh6+ 1/2-1/2